000 004160000a22001690004500
003 MACL
005 20151231140123.0
008 151231b xxu||||| |||| 00| 0 eng d
040 _aMACL
_cMACL
041 _aEnglish
082 _a370/HUG
100 _aGregory, B C
_925725
245 _aBetter Schools
260 _bThe Macmillan Company
_c1912
_aNew York
650 _aEducation
_925726
942 _cBK
_k370/GRE
_2ddc
999 _c37072
_d37072